000 00606nam a22002177a 4500
005 20250902114954.0
010 _aENG-143699 ENG-146520
020 _c200.00
020 _c400.00
035 _aEN-127231
035 _aEN-130052
037 _bDBAD
082 1 4 _a001.42
100 _aJha, Ujjwala
_984468
245 _aA Primer of Navya Nyaya language and Methodology/
_cby Ujjwala Jha
250 _a1
260 _aKolkata
_bThe Asiatic Society
_c2010
270 _a1, Park Street
_bKolkata
_cWest Bengal
_e700 016
300 _a144p.
_c22cm (Hb)
942 _cEN
_2ddc
_mJHA
_h001.42
999 _c209037
_d209037